000
00325nam a22001337a 4500
008
170608b xxu||||| |||| 00| 0 eng d
020
_a
0881410160
041
_a
eng
080
_a
94(4)
100
_a
18
101
_a
SHH
245
_a
THE RUSSIAN CHURCH UNDER THE SOVIET REGIME 1917-1982
_c
POSPIELOVSKY,D
942
_2
udc
_c
BK
999
_c
16480
_d
16480